On This Day: September 4th Quiz Stats

 Plays Quiz Updated Sep 4, 2017

Challenge
Share
Tweet
Embed
Score 0/7 Timer 03:00
6 Plays Today
Question Answer Wrong Answers
This American singer-songwriter, who rose to fame as lead singer of the R&B girl-group ‘Destiny's Child’, is born.
1981
Beyoncé
91.1%
Rihanna
3.1%
Lady Gaga
0.8%
Alicia Keys
2.5%
George Eastman registers the trademark ______ and receives a patent for his camera that uses roll film.
1888
Kodak
89.7%
Nikon
3.2%
Canon
4.9%
Xerox
1%
A German ______ makes the first attack against a United States ship, the USS Greer, three months before the US officially enters World War II.
1941
Submarine
89.4%
Destroyer
5%
Airplane
2.8%
Tank
1.2%
This athlete becomes the first competitor to win seven medals at a single Olympic Games.
1972
Mark Spitz
77.5%
Matt Biondi
1.8%
Carl Lewis
12.8%
Nadia Comăneci
5.6%
______ is founded by Larry Page and Sergey Brin, two students at Stanford University.
1998
Google
68%
Yahoo!
14.8%
AOL
7.1%
Amazon
7.4%
After almost 30 years of fighting, this Apache leader surrenders with his remaining warriors to General Nelson Miles in Arizona.
1886
Geronimo
59.3%
Sitting Bull
33.5%
Red Cloud
2.2%
Tecumseh
4.9%
Queen ______ of the Netherlands abdicates for health reasons.
1948
Wilhelmina
46.8%
Beatrix
37.3%
Juliana
11%
Emma
2.9%

Today's Daily Dose

Missing Word
Podcasts A-Z

Word Ladder
Rowing

On This Day
January 22nd II

You're not logged in!

Compare scores with friends on all Sporcle quizzes.
OR
Log In

You Might Also Like...

Show Comments

Extras

Top Quizzes Today


Score Distribution

Your Account Isn't Verified!

In order to create a playlist on Sporcle, you need to verify the email address you used during registration. Go to your Sporcle Settings to finish the process.

Report this User

Report this user for behavior that violates our Community Guidelines.

Details: